Intermitente Rafaela /
Guardado en:
| Autor Principal: | |
|---|---|
| Otros Autores: | |
| Formato: | Libro |
| Publicado: |
Buenos Aires :
Sm,
2016.
|
| Edición: | 2a ed. |
| Series: | El barco de vapor. Roja + 12 años / Repetti, Cecilia ;
44 |
| Materias: | |
| Etiquetas: |
Agregar Etiqueta
Sin Etiquetas, Sea el primero en etiquetar este registro!
|
| LEADER | 00882nam a22002895a 4500 | ||
|---|---|---|---|
| 001 | CEM.cems019928 | ||
| 008 | 230327s2016##################000#0#####d | ||
| 005 | 20240701185009.0 | ||
| 245 | 1 | 0 | |a Intermitente Rafaela / |c Mariana Furiasse; ilustrado por Pablo Bernasconi. |
| 250 | |a 2a ed. | ||
| 260 | |a Buenos Aires : |b Sm, |c 2016. | ||
| 300 | |a 248 p. | ||
| 490 | 0 | |a El barco de vapor. Roja + 12 años / Repetti, Cecilia ; |v 44 | |
| 020 | |a 9789877313963 | ||
| 100 | 1 | |a Furiasse, Mariana | |
| 700 | 1 | |a Bernasconi, Pablo; il. | |
| 082 | 0 | 4 | |a A863.4 |
| 653 | |a Literatura | ||
| 653 | |a Literatura argentina | ||
| 653 | |a Literatura juvenil | ||
| 653 | |a Novelas | ||
| 653 | |a Novelas argentinas | ||
| 653 | |a Novela juvenil | ||
| 653 | |a Narrativa | ||
| 653 | |a Narrativa argentina | ||
| 653 | |a Biblioteca TC | ||
| 859 | |a CEMS |b BIB. CEMS - Inicial y Primaria |h A863.4 |i F977-1 |k IP |p 6114 |t Ej.1 | ||
